Thomas Daniel : into my eyes /

Bibliographic Details
Main Author: Daniel, Thomas, 1948-
Corporate Author: Anderson Gallery
Other Authors: Potter, Ted, Yau, John, 1950-
Format: Book
Language:English
Published: Richmond, Va. : Anderson Gallery, [2000]
Subjects:

MARC

Tag First Indicator Second Indicator Subfields
LEADER 00000cam a2200000Ia 4500
001 in00001562621
005 20151022073240.0
008 000511s2000 vaua bc 000 0deng d
010 |a  99076142  
020 |a 093551922X 
035 |a (OCoLC)ocm44026988 
040 |a VRV  |c VRV  |d TXA  |d UtOrBLW 
049 |a TXAM 
090 |a TR654.D244  |b A4 2000 
100 1 |a Daniel, Thomas,  |d 1948- 
245 1 0 |a Thomas Daniel :  |b into my eyes /  |c curated by Ted Potter and John Yau. 
246 3 0 |a Into my eyes. 
264 1 |a Richmond, Va. :  |b Anderson Gallery,  |c [2000] 
264 4 |c ©2000 
300 |a 95 pages :  |b illustrations ;  |c 23 x 26 cm. 
336 |a text  |b txt  |2 rdacontent 
337 |a unmediated  |b n  |2 rdamedia 
338 |a volume  |b nc  |2 rdacarrier 
500 |a Exhibition catalog. 
504 |a Includes bibliographical references (page 93). 
600 1 0 |a Daniel, Thomas,  |d 1948-  |x Exhibitions. 
710 2 |a Anderson Gallery. 
700 1 |a Potter, Ted. 
700 1 |a Yau, John,  |d 1950- 
948 |a cataloged  |b h  |c 2000/9/29  |d c  |e pkellar  |f 9:31:38 am 
949 |a updated-unicode data  |b h  |c 2005/9/19  |e jferguson 
994 |a E0  |b TXA 
999 |a MARS 
999 f f |s da777523-4e72-37df-8d86-e8e9ef8589a2  |i 72b0f550-4558-3d1d-9cf7-7ca3072b8e4b  |t 0 
952 f f |p ric  |a Texas A&M University  |b Rellis Campus  |c Joint Library Facility  |d Remote Storage  |t 0  |e TR654.D244 A4 2000  |h Library of Congress classification  |i unmediated -- volume  |m A14826741451 
998 f f |a TR654.D244 A4 2000  |t 0  |l Remote Storage